Namesake (Record no. 29692)
[ view plain ]
| 000 -LEADER | |
|---|---|
| fixed length control field | 00405nam a2200181Ia 4500 |
| 008 - FIXED-LENGTH DATA ELEMENTS--GENERAL INFORMATION | |
| fixed length control field | 220531s9999 xx 000 0 und d |
| 041 ## - LANGUAGE CODE | |
| Language code of text/sound track or separate title | eng |
| 082 ## - DEWEY DECIMAL CLASSIFICATION NUMBER | |
| Item number | NAM / LAH |
| 100 ## - MAIN ENTRY--PERSONAL NAME | |
| Personal name | Lahiri, Jhumpa |
| 9 (RLIN) | 50955 |
| 245 ## - TITLE STATEMENT | |
| Title | Namesake |
| 250 ## - EDITION STATEMENT | |
| Edition statement | 1ST |
| 260 ## - PUBLICATION, DISTRIBUTION, ETC. (IMPRINT) | |
| Name of publisher, distributor, etc. | Harper Collins |
| Date of publication, distribution, etc. | 2006 |
| 300 ## - PHYSICAL DESCRIPTION | |
| Extent | 291 |
| 542 ## - INFORMATION RELATING TO COPYRIGHT STATUS | |
| Copyright holder | 01-03-2007 |
| 650 ## - SUBJECT ADDED ENTRY--TOPICAL TERM | |
| Topical term or geographic name as entry element | English |
| 9 (RLIN) | 50956 |
| 906 ## - LOCAL DATA ELEMENT F, LDF (RLIN) | |
| d | 2006-2007 |
| Withdrawn status | Lost status | Source of classification or shelving scheme | Damaged status | Not for loan | Collection code | Home library | Current library | Date acquired | Vendor | Cost, normal purchase price | Total Checkouts | Total Holds | Full call number | Barcode | Date last seen | Date last checked out | Bill Date | Koha item type | Original Barcode |
|---|---|---|---|---|---|---|---|---|---|---|---|---|---|---|---|---|---|---|---|
| Dewey Decimal Classification | Shri Siddhivinayak Mahila Mahavidyalaya | Shri Siddhivinayak Mahila Mahavidyalaya | 01/03/2007 | International | 395.00 | 2 | 1 | /NAM/LAH/B/10687 | SSMM-BK-10687 | 24/02/2025 | 12/02/2025 | 06/08/2022 | Books | 010010687 |